Data structures : an object-oriented approach /
Guardado en:
| Autor Principal: | |
|---|---|
| Formato: | Libro |
| Idioma: | English |
| Publicado: |
Reading, Mass. :
Addison-Wesley,
c1992.
|
| Materias: | |
| Etiquetas: |
Agregar Etiqueta
Sin Etiquetas, Sea el primero en etiquetar este registro!
|
| LEADER | 00842pam a2200217 a 4500 | ||
|---|---|---|---|
| 001 | MAT.inmabb003489 | ||
| 008 | 920114s1992####maua#####b####001#0#eng## | ||
| 005 | 20130409121417.0 | ||
| 245 | 1 | 0 | |a Data structures : |b an object-oriented approach / |c William J. Collins. |
| 260 | |a Reading, Mass. : |b Addison-Wesley, |c c1992. | ||
| 300 | |a xvii, 624 p. : |b il. ; |c 25 cm. | ||
| 500 | |a "All of the programs and units described in the book were written in Turbo Pascal 6.0." | ||
| 504 | |a Incluye referencias bibliográficas (p. 611-613) e índice. | ||
| 020 | |a 0201569531 | ||
| 100 | 1 | |a Collins, William J. |q (William Joseph) | |
| 650 | 0 | |a Data structures (Computer science) | |
| 650 | 0 | |a Object-oriented programming (Computer science) | |
| 084 | |a 68P05 |2 msc2000 | ||
| 010 | |a 92003046 | ||
| 040 | |a DLC |c DLC |d DLC | ||
| 859 | |h 68 |i C712 |p A-6782 |b BIB. MATEMATICA | ||
